| 000 | 01212cam a2200349 i 4500 | ||
|---|---|---|---|
| 001 | 17043945 | ||
| 003 | EG-ScBUE | ||
| 005 | 20260512100800.0 | ||
| 008 | 111114t2012 nyua f b 001 0 eng d | ||
| 020 | _a9781617794322 | ||
| 040 |
_aDLC _beng _erda _cDLC _dDLC _dEG-ScBUE |
||
| 082 | 0 | 4 |
_a572.877 _222 _bREC |
| 245 | 0 | 0 |
_aRecombinant gene expression : _breviews and protocols / _cedited by Argelia Lorence. |
| 250 | _aThird edition. | ||
| 264 | 1 |
_aNew York : _bHumana Press / Springer, _c[2012] |
|
| 264 | 4 | _cc2012 | |
| 300 |
_axvi, 649 pages : _billustrations ; _c24 cm. |
||
| 336 |
_2rdacontent _atext _btxt |
||
| 337 |
_aunmediated _2rdamedia _bn |
||
| 338 |
_avolume _bnc _2rdacarrier |
||
| 490 | 0 |
_aMethods in molecular biology ; _v824 |
|
| 490 | 0 | _aSpringer Protocls | |
| 500 | _aRev. ed. of: Recombinant gene expression protocols / edited by Rocky S. Tuan. c1997. | ||
| 504 | _aIncludes bibliographical references and index. | ||
| 650 | 7 |
_aGenetic recombination _vLaboratory manuals. _2BUEsh _939563 |
|
| 651 | _2BUEsh | ||
| 653 |
_bPPhrm _cMarch2016 |
||
| 655 | _vReading book | ||
| 700 |
_aLorence, Argelia, _eeditor. |
||
| 730 | 0 | _aRecombinant gene expression protocols. | |
| 942 |
_2ddc _cBB |
||
| 999 |
_c21424 _d21396 |
||